000 00539nam a2200205Ia 4500
005 20250508163954.0
008 008 250505s9999 xx 000 0 hin d
037 _aTextBook
040 _aFEDL
_beng
_cFEDL
041 _ahin
_2hin
084 _a372, GAR
_qFEDL
100 _aGurg Balvant Ray
_9776896
245 0 _aBunyadi shiksha
260 _aNew Delhi, India
_bArya Book Depot
_c1988
300 _a163p
365 _aINR
_b10
650 _aElementary Education
942 _cTB
_h372, GAR
999 _c1386364
_d1386364